[Event "NRW Class1 1516"]
[Site "Germany"]
[Date "2016.02.14"]
[Round "6.8"]
[White "Meinecke, Gerd"]
[Black "Hehlke, Oliver"]
[Result "1-0"]
[WhiteElo "1954"]
[BlackElo "1687"]
[PlyCount "73"]
[EventDate "2015.09.27"]
[EventType "team-tourn"]
[EventRounds "9"]
[EventCountry "GER"]
[SourceTitle "EXT 2017"]
[Source "ChessBase"]
[SourceDate "2016.10.25"]
[SourceVersion "1"]
[SourceVersionDate "2016.10.25"]
[SourceQuality "1"]
[WhiteTeam "Iserlohn Koenigsspringer"]
[BlackTeam "Duisburg"]
[WhiteTeamCountry "GER"]
[BlackTeamCountry "GER"]

1. d4 Nf6 2. Bf4 d5 3. e3 e6 4. Nf3 Be7 5. Bd3 Nh5 6. Be5 Nd7 7. Nbd2 Nxe5 8. Nxe5 g6 9. Qe2 Qd6 10. c3 Bd7 11. Qf3 Nf6 12. g4 Rf8 13. Qg2 0-0-0 14. 0-0-0 Ne8 15. f4 f6 16. Nef3 Qb6 17. h4 Bb5 18. Qe2 Nd6 19. g5 Bxd3 20. Qxd3 f5 21. h5 Ne4 22. Rh2 c5 23. hxg6 c4 24. Qc2 hxg6 25. Nxe4 dxe4 26. Ne5 Rg8 27. Rh6 Qa6 28. Kb1 Rd5 29. Qe2 b5 30. Rxg6 Rgd8 31. Rg7 Bc5 32. Rh1 Qa4 33. Qc2 Qa6 34. Rhh7 Bb6 35. Nc6 R8d7 36. Rxd7 Rxd7 37. Rxd7 1-0

[Event "NRW Class2 0910"]
[Site "Germany"]
[Date "2010.02.21"]
[Round "7.8"]
[White "Hennicken, Reinhard"]
[Black "Meinecke, Gerd"]
[Result "1/2-1/2"]
[WhiteElo "2011"]
[BlackElo "1436"]
[PlyCount "74"]
[EventDate "2009.09.20"]
[EventType "team-tourn"]
[EventRounds "9"]
[EventCountry "GER"]
[SourceTitle "EXT 2011"]
[Source "ChessBase"]
[SourceDate "2010.11.26"]
[SourceVersion "1"]
[SourceVersionDate "2010.11.26"]
[SourceQuality "1"]
[WhiteTeam "Aachen Aufwaerts"]
[BlackTeam "Iserlohn Koenigsspringer"]
[WhiteTeamCountry "GER"]
[BlackTeamCountry "GER"]

1. e4 c6 2. d4 d5 3. Nc3 dxe4 4. Nxe4 Nd7 5. Nf3 Ngf6 6. Nxf6+ Nxf6 7. Bc4 Bf5 8. 0-0 e6 9. Ne5 Be7 10. Re1 0-0 11. Bb3 Nd5 12. a3 Bf6 13. c4 Nb6 14. Bf4 Bg5 15. Qd2 h6 16. Rad1 Bxf4 17. Qxf4 Qg5 18. Qe3 Qxe3 19. Rxe3 Rad8 20. g4 Bh7 21. f4 Nd7 22. Nxd7 Rxd7 23. Re2 Rfd8 24. Red2 Kf8 25. Kf2 Ke7 26. Ke3 g5 27. d5 cxd5 28. cxd5 f5 29. gxf5 Bxf5 30. fxg5 hxg5 31. dxe6 Rxd2 32. Rxd2 Rxd2 33. Kxd2 Bxe6 34. Bd1 Kd6 35. Kd3 Bd5 36. Kd4 Bc6 37. Bg4 Bd5 1/2-1/2